Biblioteca

La importancia de llamarse Ernesto (Registro nro. 67964)

Detalles MARC
000 -LÍDER
Campo fijo de descripción fija 01726nam a2200193 i 4500
001 - NÚMERO DE CONTROL
Campo de control 768714001
003 - IDENTIFICADOR DEL NÚMERO DE CONTROL
Campo de control CO-MdFUSB
005 - FECHA Y HORA DE LA ULTIMA TRANSACCIÓN
control field 20221125152152.0
008 - ELEMENTOS DE LONGITUD FIJA -- INFORMACIÓN GENERAL
Campo fijo de descripción fija -- Información general 220715t1984 ck |||| |||| 00| 0 spa d
040 ## - FUENTE DE CATALOGACIÓN
Idioma de catalogación spa
Agencia que realiza la transcripción CO-MdFUSB
Agencia que realiza la modificación CO-MdFUSB
041 ## - CÓDIGO DE IDIOMA
Código de idioma para texto/pista de sonido o título separado spa
100 ## - ASIENTO PRINCIPAL--NOMBRE PERSONAL
Nombre personal Wilde, Oscar.
Término relacionador autor
245 #3 - TÍTULO
Título La importancia de llamarse Ernesto
Mención de responsabilidad / Oscar Wilde
300 ## - DESCRIPCIÓN FÍSICA
Extensión Volumen 5, (1984) páginas 336-383
520 ## - NOTA DE RESUMEN, ETC.
Nota de sumario, etc. En Londres, Jack Worthing visita a su amigo Algernon, y le expresa su voluntad de casarse con Gwendolen, prima de este último. Algernon, quien conoce a Jack por el nombre de Ernest, le dice que, antes, debe explicarle quién es Cecily: aquella que firma una dedicatoria en su pitillera, llamándolo “Jack”. Jack le informa que se trata de su pupila, una joven de dieciocho años extremadamente bella, que vive con él en su casa de campo, y de la cual él es tutor. Le explica, también, que en la ciudad usa el nombre de “Ernest”, mientras que en el campo usa su verdadero nombre, “Jack”. También confiesa que inventó a un supuesto hermano, llamado Ernest, que vive en la ciudad y a quien utiliza como excusa para viajar a Londres cada tanto. Y que Cecily está fascinada con ese tal Ernest. Algernon le cuenta que esa práctica se llama bunburysmo: él mismo inventó a un supuesto amigo inválido, llamado Bunbury, a quien utiliza como excusa para viajar al campo y ausentarse de ciertos eventos en Londres. Jack dice que, si Gwendolen acepta casarse con él, él mismo matará a su hermano Ernest de inmediato.<br/><br/>
653 ## - TÉRMINO DE INDIZACIÓN - NO CONTROLADO
Término no controlado Literatura Universal
773 0# - ASIENTO DE ITEM FUENTE
Biblionumber 67924
Itemnumber 81131
Asiento principal Oveja Negra,
Otro identificador del ítem 24694
Título Maestros de la literatura universal
Número de control del registro (CO-MdFUSB)768714001
International Standard Book Number 8482806718
942 ## - TIPO DE MATERIAL (KOHA)
Tipo de Item KOHA Libros General

No hay ítems disponibles.

Biblioteca FUSBC | Teléfono: (57+4) 349 88 10 Ext. 141| WhatsApp (+57) 3005338115 
E-mail: biblioteca@unisbc.edu.co | Calle 76 87-14 Robledo Palenque, Medellín, Colombia

Con tecnología Koha